NBA 2k21 all-time New York Knicks - Statistics

General Stats
  • This quiz has been taken 138 times
  • The average score is 8 of 15
Answer Stats
Overall Player % Correct
95 Patrick Ewing
97%
92 Carmelo Anthony
90%
97 Walt Frazier
88%
94 Willis Reed
82%
88 John Starks
70%
89 Amar'e Stoudemire
57%
89 Bernard King
50%
89 Earl Monroe
49%
86 Charles Oakley
48%
92 Dave Debusschere
48%
89 Allan Houston
47%
85 Kristaps Porzingis
47%
92 Richie Guerin
31%
87 Dick Barnett
19%
89 Micheal Ray Richardson
16%
No matching quizzes found
Score Distribution
Percent of People with Each Score
Percentile by Number Answered
Your Score History
You have not taken this quiz